Normal view MARC view

Entry AUTORIDADES PERSONAS

Number of records used in: 1

001 - NÚMERO DE CONTROL

  • campo de control: 428

003 - CONTROL

  • campo de control: AR-BaSMT

005 - FECHA Y HORA DE LA ÚLTIMA TRANSACCIÓN

  • campo de control: 20251217111230.0

008 - ELEMENTOS LONGITUD FÍSICA

  • campo de control de longitud fija: 251217|| aca||aabn | a|a d

024 7# - OTROS INDICADORES NORMALIZADOS

  • Fuente: Google Académico
  • Número estándar o código: https://scholar.google.com/citations?user=zYmikqEAAAAJ&hl=es

040 ## - FUENTE DE CATALOGACIÓN

  • Agencia que cataloga: AR-BaSMT
  • Idioma de catalogación: spa
  • Norma: RDA

100 1# - ENCABEZAMIENTO-NOMBRE DE PERSONA

  • Nombre de persona: Marchini, Timoteo

400 0# - TRAZADO DE VÉASE--NOMBRE DE PERSONA

  • Nombre de persona: Timoteo Marchini

670 ## - FUENTE DE DATOS ENCONTRADOS

  • Cita de la fuente: Clima, 2022
  • Donde se localiza la información: Portada

Powered by Koha